1653 1177 1769 1675 1552 1808 1133 1032 1684 1096 1158 1154 1441 1026 1953 1684 1593 1018 1229 1285 1648 1933 1534 1905 1826 1144 1834 1646 1058 1381 1831 1617 1927 1785 1329 1938 1161 1759 1836 1913 1666 1646 1356 1773 1966 1425 1219 1219 1678 1302 1073 1984 1109 1931 1407 1607 1901 1572 1546 1672 1499 1306 1139 1865 1530 1824 1406 1839 1550 1460 1613 1029 1320 1771 1946 1377 1539 1164 1208 1496 1195 1342 1127 1116 1951 1635 1644 1077 1265 1830 1291 1657 1890 1509 1850 1837 1324 1647 1359 BCNSPRNW ULIB Ver.6.0+V

เปลี่ยนเป็นภาษาไทย

Change to English
 แสดงรายละเอียดบรรณานุกรม
  กลับหน้าหลัก

Brief Record : Get Marc (ISO 2709) : E-mail record : QR code < ปิดหน้าต่าง
LEADER : 00000nam 2200000uu 4500
001    13399127514
003     ULIB
008    020711s2560 th a 000 0 tha d
060  0 ^aวจ^bส-ร
100    ^aสมจิตรา กิตติมานนท์
245    ^aรายงานการวิจัย เรื่อง การศึกษาองค์ประกอบและตัวบ่งชี้การพัฒนาทรัพยากรมนุษย์ตามหลักพุทธจริยศาสตร์ในระดับชุมชนจังหวัดนครสวรรค์(Studying Components an Indicators in Human Resource Development According to Buddhist Ethics at Community Level in Nakhonsawan
260    ^aนครสวรรค์ :^bมหาวิทยาลัยมหาจุฬาลงกรณราชวิทยาลัย วิทยาเขตนครสวรรค์,^c2560
945    ^p0^l0^i007114
999    ^aประนอม เกษจรัล
รายการนี้ยังไม่มีแท็ก
คุณยังไม่ได้ล็อกอิน คุณสามารถมีกิจกรรมร่วมกับเว็บไซต์ได้ แต่ต้องล็อกอินก่อน ::
  ล็อกอิน

รายการสื่อสารสนเทศ

ลำดับที่ ประเภท เลขเรียก/บาร์โค้ด สถานที่ สถานะ
1. งานวิจัย
งานวิจัย
วจ ส-ร ฉ.1 
  Barcode: 007114
ห้องสมุดวิทยาเขตสวรรค์ประชารักษ์
►วิจัย
บนชั้น

รายการใกล้เคียง
    ผู้แต่ง [สมจิตรา กิตติมานนท์]

BibComment


ยังไม่เคยถูกคอมเมนท์

คอมเมนท์ทรัพยากรรายการนี้
  คอมเมนท์: รายงานการวิจัย เ..


 Copyright 2026. Bcnsprnw @Library